<?xml version="1.0" encoding="UTF-8"?>
<record
    xmlns:xsi="http://www.w3.org/2001/XMLSchema-instance"
    xsi:schemaLocation="http://www.loc.gov/MARC21/slim http://www.loc.gov/standards/marcxml/schema/MARC21slim.xsd"
    xmlns="http://www.loc.gov/MARC21/slim">

  <leader>01455agaaa2200325   4500</leader>
  <controlfield tag="001">9077</controlfield>
  <controlfield tag="003">IT-RoPAU</controlfield>
  <controlfield tag="005">20220918181228.0</controlfield>
  <controlfield tag="007">d cvaizq</controlfield>
  <controlfield tag="008">50131s9999||||xx ||| |     ||   ||und||</controlfield>
  <datafield tag="040" ind1=" " ind2=" ">
    <subfield code="a">IT-RoPAU</subfield>
    <subfield code="c">IT-RoPAU</subfield>
  </datafield>
  <datafield tag="041" ind1=" " ind2=" ">
    <subfield code="a">ITALIANO</subfield>
  </datafield>
  <datafield tag="100" ind1=" " ind2=" ">
    <subfield code="a">Iosseliani Otar</subfield>
    <subfield code="g">Codice regista SPICS: 13303</subfield>
    <subfield code="9">39351</subfield>
  </datafield>
  <datafield tag="130" ind1=" " ind2=" ">
    <subfield code="a">PASTORALE</subfield>
    <subfield code="9">39352</subfield>
  </datafield>
  <datafield tag="240" ind1=" " ind2=" ">
    <subfield code="a">PASTORAL</subfield>
    <subfield code="g">T2194</subfield>
  </datafield>
  <datafield tag="245" ind1=" " ind2=" ">
    <subfield code="a">PASTORALE</subfield>
    <subfield code="c">Prodotto da: Tskonia R. -- Sceneggiatura: Ioseliani Otar Inanisvili Rezo Mechrisvili Otar -- Diretto da: Iosseliani Otar</subfield>
    <subfield code="p">PASTORALE (Rif. Codice opera principale : 29077)</subfield>
  </datafield>
  <datafield tag="246" ind1=" " ind2=" ">
    <subfield code="a">PASTORAL</subfield>
  </datafield>
  <datafield tag="250" ind1=" " ind2=" ">
    <subfield code="a">Edizione Standard</subfield>
  </datafield>
  <datafield tag="260" ind1=" " ind2=" ">
    <subfield code="a">GEORGIA (ITALIA)</subfield>
    <subfield code="b">STUDIO KARTULI FILM / </subfield>
    <subfield code="g">"1975 (1&#xB0; ed.: 1985 ; Ed. Lingua Orig.: 1975)"</subfield>
  </datafield>
  <datafield tag="300" ind1=" " ind2=" ">
    <subfield code="a">VHS</subfield>
    <subfield code="b">sonoro, col.</subfield>
    <subfield code="c">105 minuti</subfield>
  </datafield>
  <datafield tag="508" ind1=" " ind2=" ">
    <subfield code="a">"Montaggio: Marghisvili G.; Musica: Couperin Francois; Sceneggiatura: Ioseliani Otar Inanisvili Rezo Mechrisvili Otar; Scenografia: Rurua Vachtang; "</subfield>
  </datafield>
  <datafield tag="511" ind1=" " ind2=" ">
    <subfield code="a">"Tcharkhaliscvili Rezo; Tohadze-Djougali Lya; Piphia Nestor; Karzivadze Marina"</subfield>
  </datafield>
  <datafield tag="520" ind1=" " ind2=" ">
    <subfield code="a">ARRANGIAMENTO MUSICA DI BAKURADZE/T. DAI TEMI DI COUPERIN E BRAHMS</subfield>
  </datafield>
  <datafield tag="538" ind1=" " ind2=" ">
    <subfield code="a">PAL, STEREO</subfield>
  </datafield>
  <datafield tag="546" ind1=" " ind2=" ">
    <subfield code="a">ITALIANO</subfield>
  </datafield>
  <datafield tag="650" ind1=" " ind2=" ">
    <subfield code="a">DRAMMATICO</subfield>
    <subfield code="e">FILMS [VHS]</subfield>
    <subfield code="x">Codice MATERIA SPICS: 9960</subfield>
    <subfield code="9">34083</subfield>
  </datafield>
  <datafield tag="700" ind1=" " ind2=" ">
    <subfield code="a">Couperin Francois</subfield>
    <subfield code="e">(musica)</subfield>
    <subfield code="g">Codice Musica SPICS: 10665</subfield>
    <subfield code="9">39353</subfield>
  </datafield>
  <datafield tag="700" ind1=" " ind2=" ">
    <subfield code="a">Iosseliani Otar </subfield>
    <subfield code="e">(regista)</subfield>
    <subfield code="g">Codice regista SPICS: 13303</subfield>
    <subfield code="9">39354</subfield>
  </datafield>
  <datafield tag="942" ind1=" " ind2=" ">
    <subfield code="c">VH</subfield>
    <subfield code="2">ddc</subfield>
  </datafield>
  <datafield tag="999" ind1=" " ind2=" ">
    <subfield code="c">105080</subfield>
    <subfield code="d">105080</subfield>
  </datafield>
  <datafield tag="952" ind1=" " ind2=" ">
    <subfield code="0">0</subfield>
    <subfield code="1">0</subfield>
    <subfield code="4">0</subfield>
    <subfield code="6">29077_000000000000000</subfield>
    <subfield code="7">1</subfield>
    <subfield code="a">SPICS</subfield>
    <subfield code="b">SPICS</subfield>
    <subfield code="d">2015-01-31</subfield>
    <subfield code="l">0</subfield>
    <subfield code="o">29077</subfield>
    <subfield code="r">2015-01-31 00:00:00</subfield>
    <subfield code="w">2015-01-31</subfield>
    <subfield code="y">VH</subfield>
    <subfield code="z">Progr. Ins.: 1784 / N.Vol.:1 / Copie: 1 / Pag.: / Copia rara: SI / date import: 1.2.2015 / By Epidotti, Trombetti, Vaglietti</subfield>
  </datafield>
</record>
